00841nam a2200157 a 450000100100000000500170001000800410002704000250006811000770009324502160017026000680038630000280045404900090048295201750049199900170066600003054520200930062354.0110523s1936 dr c 000 | spa d aDO-SdBNPbspacBNPHU1 aRepública Dominicana.bPresidente (1930-1938 : Trujillo Molina)95716110aA las escuelas e instituciones culturales de la República :bmensaje del honorable presidente de la República Dominicana, generalísimo doctor Rafael L. Trujillo Molina, en ocasión del Día Panamericano. aCiudad Trujillo, República Dominicana :bLa Opinión,c1936. a8 p. :bretr. ;c23 cm. aBNPD 001050718RVaPDbPDcCTd2011-05-23iLF1l0o p30545-10r2020-06-25w2020-06-25y1zPerteneció a la biblioteca personal de Carlos Larrazábal Blanco.ZNo se presta c30037d30037